សុភី ស្រឡាញ់សៀវភៅ / (Record no. 8991)

MARC details
000 -LEADER
fixed length control field 04127nam a22002897a 4500
001 - CONTROL NUMBER
control field 8991
003 - CONTROL NUMBER IDENTIFIER
control field FISKH
005 - DATE AND TIME OF LATEST TRANSACTION
control field 20260422111901.0
008 - FIXED-LENGTH DATA ELEMENTS--GENERAL INFORMATION
fixed length control field 251113b cb ||||| |||| 00| 0 eng d
040 ## - CATALOGING SOURCE
Original cataloging agency FISKH
Language of cataloging khr
Transcribing agency FISKH
Modifying agency FISKH
050 ## - LIBRARY OF CONGRESS CALL NUMBER
Classification number PZ7
082 ## - DEWEY DECIMAL CLASSIFICATION NUMBER
Classification number 028.5
100 ## - MAIN ENTRY--PERSONAL NAME
Personal name Son, Ven
245 ## - TITLE STATEMENT
Title សុភី ស្រឡាញ់សៀវភៅ /
Remainder of title អ្នកនិពន្ធលោក វ៉ែន សុន និងលោក ឃុន សុវណ្ណរិទ្ធី​
260 ## - PUBLICATION, DISTRIBUTION, ETC.
Place of publication, distribution, etc. Phnom Penh :
Name of publisher, distributor, etc. Room to Read ,
Date of publication, distribution, etc. 2004.
300 ## - PHYSICAL DESCRIPTION
Extent 20 pages :
Other physical details color illustrations ;
Dimensions 30 cm .
505 ## - FORMATTED CONTENTS NOTE
Formatted contents note K <br/>
520 ## - SUMMARY, ETC.
Summary, etc. រឿង សុភីស្រលាញ់សៀវភៅ គឺជារឿងដែលនិយាយអំពីគ្រួសារក្រីក្រមួយកំពុងរស់នៅក្នុងភូមិដាច់ស្រយាល។ មានប្តីប្រពន្ធមួយគូមានកូនពីរនាក់។ សុភីជាកូនស្រីច្បង មានអាយុ៨ឆ្នាំ។ ជារៀងរាល់ថ្ងៃ សុភីតែងតែទៅតាមម្តាយដើម្បីលក់នំចេកចៀននៅឯសាលារៀននៅក្នុងភូមិ។ នៅពេលដែលសិស្សទាំងអស់កំពុងរៀននៅក្នុងថ្នាក់ សុភី ពប្អូន ហើយលួចមើលគេរៀនតាមបង្អួច។ កុមារធឿនគឺជាអ្នករស់នៅក្បែរខាងក្នុងភូមិជាមួយសុភី គេតែងតែឆ្លៀតពេលបង្រៀនសុភីនៅផ្ទះ។ រីឯអ្នកគ្រូបុប្ផា ដែលជាបណ្ណារក្សផង និងជាគ្រូបង្រៀនផង មានការអាណិតអាសូរសុភីជាខ្លាំង ហើយគាត់ចង់ជួយឱ្យសុភីបានចូលរៀនដូចកុមារដទៃទៀតដែរ។ ក្រោយមក អ្នកគ្រូបុប្ផាក៏បានជួយចុះឈ្មោះឱ្យសុភីបានចូលរៀននៅសាលា។ សុភីនិងឪពុកម្តាយរបស់នាងសប្បាយរីករាយជាខ្លាំង។ សូមប្អូនៗអានសៀវភៅរឿងនេះ ដើម្បីឱ្យដឹងអំពីជីវិតរបស់សុភីដែលបានចូលរៀន នៅឯសាលារៀន ហើយរៀនអាន រៀនសរសេរ និងរាប់អានជាមួយមិត្តផ្សេងៗទៀត។
520 ## - SUMMARY, ETC.
Summary, etc. The story “Sophy Loves Books” is about a poor family living in a remote village. There is a husband and wife who have two children. Sophy, the eldest daughter, is eight years old.<br/>Every day, Sophy goes with her mother to sell fried banana cakes at the village school. While the students are studying in their classrooms, Sophy secretly watches them learn through the classroom window.<br/>A boy named Theun, who lives nearby in the same village, often takes time to teach Sophy lessons at home. Teacher Bopha, who is both the village librarian and a schoolteacher, feels great sympathy for Sophy and wishes to help her go to school like other children.<br/>Later, Teacher Bopha helps register Sophy so she can finally attend school. Sophy and her parents are overjoyed.<br/>Children are encouraged to read this book to learn about Sophy’s life after she starts school — how she learns to read, write, and count alongside her new friends.
521 8# - TARGET AUDIENCE NOTE
Target audience note 510 <br/>
Source Lexile estimate <br/>
521 8# - TARGET AUDIENCE NOTE
Target audience note K <br/>
Source Raz-Plus <br/>
650 ## - SUBJECT ADDED ENTRY--TOPICAL TERM
Topical term or geographic name entry element សុភីស្រឡាញ់សៀវភៅ
Form subdivision រឿងនិទានកុមារ​
650 ## - SUBJECT ADDED ENTRY--TOPICAL TERM
Topical term or geographic name entry element Sophy loves books
Form subdivision Children's Stories
700 ## - ADDED ENTRY--PERSONAL NAME
Personal name Sovanrith, Khun
Relator term Illustrator
942 ## - ADDED ENTRY ELEMENTS (KOHA)
Source of classification or shelving scheme Dewey Decimal Classification
Koha item type Khmer Books
Suppress in OPAC No
Holdings
Withdrawn status Lost status Source of classification or shelving scheme Damaged status Not for loan Collection Home library Current library Shelving location Date acquired Total Checkouts Full call number Barcode Date last seen Copy number Price effective from Koha item type
    Dewey Decimal Classification     Khmer Language Books / សៀវភៅភាសាខ្មែរ Footprints International School Library Network Toul Tom Poung Campus Footprints International School Library Network Toul Tom Poung Campus TTP Primary Khmer Bookshelves 11/13/2025   SON PZ7 028.5 FISBK04086 11/13/2025 1 11/13/2025 Khmer Books
    Dewey Decimal Classification     Khmer Language Books / សៀវភៅភាសាខ្មែរ Footprints International School Library Network Toul Tom Poung Campus Footprints International School Library Network Toul Tom Poung Campus TTP Primary Khmer Bookshelves 11/13/2025   SON PZ7 028.5 FISBK04020 11/13/2025 2 11/13/2025 Khmer Books
    Dewey Decimal Classification     Khmer Language Books / សៀវភៅភាសាខ្មែរ Footprints International School Library Network Toul Tom Poung Campus Footprints International School Library Network Toul Tom Poung Campus TTP Primary Khmer Bookshelves 04/22/2026   SON PZ7 028.5 2026-0520 04/22/2026 3 04/22/2026 Khmer Books